000118018 001__ 118018
000118018 005__ 20240319080953.0
000118018 0247_ $$2doi$$a10.1186/s40850-022-00124-x
000118018 0248_ $$2sideral$$a128702
000118018 037__ $$aART-2022-128702
000118018 041__ $$aeng
000118018 100__ $$aCasades-Martí, L.
000118018 245__ $$aConfirmed presence of aedes (rusticoidus) refiki Medschid, 1928 in a continental dry Mediterranean peri-urban environment in south-central Spain
000118018 260__ $$c2022
000118018 5060_ $$aAccess copy available to the general public$$fUnrestricted
000118018 5203_ $$aBackground: The ‘snow-melt mosquito’ aedes (rusticoidus) refiki is a rare species with a wide distribution in Europe that is usually defined as an aggressive mosquito for mammals, including humans. During a mosquito survey in a peri-urban area in south-central mainland Spain, adult Ae. refiki females were captured and identified by morphological traits. The presence of this species of mosquito has never been molecularly confirmed under continental dry Mediterranean climatic influence with scarce number of days with snow on soil. The aim of this study was to confirm by amplification and sequencing of mitochondrial cytochrome c oxidase subunit I (COI) and internal transcribed spacer 2 (ITS2) region. Results: We also successfully amplified and typed the species molecularly by COI and ITS2 regions. The peri-urban area where Ae. refiki was found contrasts with the reported cold, humid and snowy environments required by the species to breed. Conclusions: This finding suggests that the species is already adapted to continental dry Mediterranean environments, questioning whether it is a truly stenotopic species of cold snowy environments.
000118018 536__ $$9info:eu-repo/grantAgreement/ES/MCIU/CD18-00091$$9info:eu-repo/grantAgreement/ES/MICINN/RTA2015-00002-C02-02$$9info:eu-repo/grantAgreement/ES/MINECO/CGL2017-89866-R
000118018 540__ $$9info:eu-repo/semantics/openAccess$$aby$$uhttp://creativecommons.org/licenses/by/3.0/es/
000118018 590__ $$a1.6$$b2022
000118018 592__ $$a0.453$$b2022
000118018 591__ $$aZOOLOGY$$b63 / 176 = 0.358$$c2022$$dQ2$$eT2
000118018 593__ $$aAnimal Science and Zoology$$c2022$$dQ2
000118018 594__ $$a1.7$$b2022
000118018 655_4 $$ainfo:eu-repo/semantics/article$$vinfo:eu-repo/semantics/publishedVersion
000118018 700__ $$aFrías, M.
000118018 700__ $$0(orcid)0000-0001-7046-2997$$aDelacour, S.$$uUniversidad de Zaragoza
000118018 700__ $$aRuiz-Fons, F.
000118018 7102_ $$11009$$2773$$aUniversidad de Zaragoza$$bDpto. Patología Animal$$cÁrea Sanidad Animal
000118018 773__ $$g7 (2022), 21 [7 pp.]$$tBMC Zoology$$x2056-3132
000118018 8564_ $$s1661404$$uhttps://zaguan.unizar.es/record/118018/files/texto_completo.pdf$$yVersión publicada
000118018 8564_ $$s2361847$$uhttps://zaguan.unizar.es/record/118018/files/texto_completo.jpg?subformat=icon$$xicon$$yVersión publicada
000118018 909CO $$ooai:zaguan.unizar.es:118018$$particulos$$pdriver
000118018 951__ $$a2024-03-18-13:14:44
000118018 980__ $$aARTICLE